00485nam a2200181Ia 450000500170000000800410001704000190005804100120007708200190008910000210010824500530012926000350018230000150021750400190023265000190025165100230027085000100029320230111103128.0131103s9999 xx 000 0 und d aLoreto College aEnglish a821.4bMIL-STE aSteadman,John M. aMilton and the renaissance herocJohn M.Steadman aOxford bClarendon Pressc1967 axx,209 p.  aIncludes index aEnglish Poetry aMilton - Criticism aLCLIB